Emlékezzünk a hősökre, I. világháborús emlékmű állítása Gyomám és Endrődön

Elmentve itt :
Bibliográfiai részletek
Szerző: Dávid Benjámin
Testületi szerző: Kárpát-medencei fiatal magyar történészek tábora (5.)
Dokumentumtípus: Könyv része
Megjelent: 2017
Sorozat:Kárpát-medencei fiatal magyar történészek tábora : absztraktkötet
Kulcsszavak:Hőskultusz - előadáskivonatok, Emlékmű - előadáskivonatok, Világháború - 1. - előadáskivonatok
Tárgyszavak:
Online Access:http://acta.bibl.u-szeged.hu/72923
LEADER 01014naa a2200217 i 4500
001 acta72923
005 20230322151233.0
008 210705s2017 hu o 1|| hun d
020 |a 978-615-5372-78-0 
040 |a SZTE Egyetemi Kiadványok Repozitórium  |b hun 
041 |a hun 
100 1 |a Dávid Benjámin 
245 1 0 |a Emlékezzünk a hősökre, I. világháborús emlékmű állítása Gyomám és Endrődön  |h [elektronikus dokumentum] /  |c  Dávid Benjámin 
260 |c 2017 
300 |a 23-24 
490 0 |a Kárpát-medencei fiatal magyar történészek tábora : absztraktkötet 
650 4 |a Bölcsészettudományok 
650 4 |a Történettudomány és régészet 
695 |a Hőskultusz - előadáskivonatok, Emlékmű - előadáskivonatok, Világháború - 1. - előadáskivonatok 
711 |a Kárpát-medencei fiatal magyar történészek tábora (5.)  |c Ópusztaszer  |d 2017 
856 4 0 |u http://acta.bibl.u-szeged.hu/72923/1/05_karpat_medencei_fiatal_magyar_torteneszek_tabora_023-024.pdf  |z Dokumentum-elérés